00749nam a22002297a 450000500170000001000130001702000210003003500130005103700160006404000120008008200140009210000170010624500920012326000480021527000490026330000230031250000510033565000220038665000190040865000490042765000430047620170124105913.0 aA-608653 c00.00a818513572 aA-608653 bCen Lib/Ret aDPLbEN a324.20954 aPuri, Yogesh aParty politics in the nehru era :cby Kamal Nayan Kabraba stydy of congress in delhi / aNew DelhibNational Book Organisationc1993 aH-39 Green Park ExtensionbNew Delhie110016 aix,262p.c22cm(Hb) aIncludes bibliographical references and index aPolitical Science aCongress-India a राजनीति विज्ञान a कांग्रेस-भारत